<?xml version="1.0" encoding="UTF-8"?>
<record
    xmlns:xsi="http://www.w3.org/2001/XMLSchema-instance"
    xsi:schemaLocation="http://www.loc.gov/MARC21/slim http://www.loc.gov/standards/marcxml/schema/MARC21slim.xsd"
    xmlns="http://www.loc.gov/MARC21/slim">

  <leader>01889nam a2200337Ia 4500</leader>
  <datafield tag="952" ind1=" " ind2=" ">
    <subfield code="0">0</subfield>
    <subfield code="1">0</subfield>
    <subfield code="4">0</subfield>
    <subfield code="7">0</subfield>
    <subfield code="a">07</subfield>
    <subfield code="b">07</subfield>
    <subfield code="d">2010-08-24</subfield>
    <subfield code="l">20</subfield>
    <subfield code="o">QA276 G63 1999</subfield>
    <subfield code="p">07 000579</subfield>
    <subfield code="r">2015-09-29</subfield>
    <subfield code="s">2015-09-25</subfield>
    <subfield code="t">1</subfield>
    <subfield code="w">2012-06-26</subfield>
    <subfield code="y">LB</subfield>
  </datafield>
  <datafield tag="952" ind1=" " ind2=" ">
    <subfield code="0">0</subfield>
    <subfield code="1">0</subfield>
    <subfield code="2">lcc</subfield>
    <subfield code="4">0</subfield>
    <subfield code="7">0</subfield>
    <subfield code="a">07</subfield>
    <subfield code="b">07</subfield>
    <subfield code="d">2015-11-10</subfield>
    <subfield code="l">1</subfield>
    <subfield code="m">1</subfield>
    <subfield code="o">QA276 G63 1999 </subfield>
    <subfield code="p">07 005491</subfield>
    <subfield code="r">2017-02-28</subfield>
    <subfield code="s">2017-02-17</subfield>
    <subfield code="t">2</subfield>
    <subfield code="w">2015-11-10</subfield>
    <subfield code="y">LB</subfield>
  </datafield>
  <datafield tag="952" ind1=" " ind2=" ">
    <subfield code="0">0</subfield>
    <subfield code="1">0</subfield>
    <subfield code="2">lcc</subfield>
    <subfield code="4">0</subfield>
    <subfield code="7">0</subfield>
    <subfield code="a">11</subfield>
    <subfield code="b">11</subfield>
    <subfield code="d">2016-04-21</subfield>
    <subfield code="l">5</subfield>
    <subfield code="o">QA276 G63 1999 </subfield>
    <subfield code="p">11 012989</subfield>
    <subfield code="r">2019-03-06</subfield>
    <subfield code="s">2019-03-06</subfield>
    <subfield code="t">1</subfield>
    <subfield code="w">2016-04-21</subfield>
    <subfield code="y">LB</subfield>
  </datafield>
  <datafield tag="952" ind1=" " ind2=" ">
    <subfield code="0">0</subfield>
    <subfield code="1">0</subfield>
    <subfield code="2">lcc</subfield>
    <subfield code="4">0</subfield>
    <subfield code="7">0</subfield>
    <subfield code="a">14</subfield>
    <subfield code="b">14</subfield>
    <subfield code="d">2016-08-05</subfield>
    <subfield code="l">0</subfield>
    <subfield code="o">QA276 G63 1999 </subfield>
    <subfield code="p">14 006499</subfield>
    <subfield code="r">2016-08-18</subfield>
    <subfield code="t">1</subfield>
    <subfield code="w">2016-08-18</subfield>
    <subfield code="y">LB</subfield>
  </datafield>
  <datafield tag="952" ind1=" " ind2=" ">
    <subfield code="0">0</subfield>
    <subfield code="1">0</subfield>
    <subfield code="4">0</subfield>
    <subfield code="7">0</subfield>
    <subfield code="a">04</subfield>
    <subfield code="b">04</subfield>
    <subfield code="d">2017-02-07</subfield>
    <subfield code="l">2</subfield>
    <subfield code="o">QA276  G63 1999</subfield>
    <subfield code="p">04 006471</subfield>
    <subfield code="r">2026-06-02</subfield>
    <subfield code="s">2026-05-26</subfield>
    <subfield code="t">2</subfield>
    <subfield code="w">2017-02-07</subfield>
    <subfield code="y">LB</subfield>
  </datafield>
  <datafield tag="952" ind1=" " ind2=" ">
    <subfield code="0">0</subfield>
    <subfield code="1">0</subfield>
    <subfield code="2">lcc</subfield>
    <subfield code="4">0</subfield>
    <subfield code="7">0</subfield>
    <subfield code="a">09</subfield>
    <subfield code="b">09</subfield>
    <subfield code="d">2017-05-27</subfield>
    <subfield code="l">0</subfield>
    <subfield code="o">QA276  G63 1999</subfield>
    <subfield code="p">09 004655</subfield>
    <subfield code="r">2017-05-27</subfield>
    <subfield code="t">1</subfield>
    <subfield code="w">2017-05-27</subfield>
    <subfield code="y">LB</subfield>
  </datafield>
  <datafield tag="952" ind1=" " ind2=" ">
    <subfield code="0">0</subfield>
    <subfield code="1">0</subfield>
    <subfield code="2">lcc</subfield>
    <subfield code="4">0</subfield>
    <subfield code="7">0</subfield>
    <subfield code="a">09</subfield>
    <subfield code="b">09</subfield>
    <subfield code="d">2017-05-27</subfield>
    <subfield code="l">1</subfield>
    <subfield code="o">QA276  G63 1999</subfield>
    <subfield code="p">09 004656</subfield>
    <subfield code="r">2019-04-03</subfield>
    <subfield code="s">2019-04-02</subfield>
    <subfield code="t">2</subfield>
    <subfield code="w">2017-05-27</subfield>
    <subfield code="y">LB</subfield>
  </datafield>
  <datafield tag="952" ind1=" " ind2=" ">
    <subfield code="0">0</subfield>
    <subfield code="1">0</subfield>
    <subfield code="2">lcc</subfield>
    <subfield code="4">0</subfield>
    <subfield code="7">0</subfield>
    <subfield code="a">20</subfield>
    <subfield code="b">20</subfield>
    <subfield code="d">2018-08-07</subfield>
    <subfield code="l">0</subfield>
    <subfield code="o">QA276 G65</subfield>
    <subfield code="p">20 000833</subfield>
    <subfield code="r">2018-08-07</subfield>
    <subfield code="t">1</subfield>
    <subfield code="w">2018-08-07</subfield>
    <subfield code="y">LB</subfield>
  </datafield>
  <datafield tag="952" ind1=" " ind2=" ">
    <subfield code="0">0</subfield>
    <subfield code="1">0</subfield>
    <subfield code="2">lcc</subfield>
    <subfield code="4">0</subfield>
    <subfield code="7">0</subfield>
    <subfield code="a">20</subfield>
    <subfield code="b">20</subfield>
    <subfield code="d">2018-08-07</subfield>
    <subfield code="l">0</subfield>
    <subfield code="o">QA276 G65</subfield>
    <subfield code="p">20 000834</subfield>
    <subfield code="r">2018-08-07</subfield>
    <subfield code="t">2</subfield>
    <subfield code="w">2018-08-07</subfield>
    <subfield code="y">LB</subfield>
  </datafield>
  <datafield tag="952" ind1=" " ind2=" ">
    <subfield code="0">0</subfield>
    <subfield code="1">0</subfield>
    <subfield code="2">lcc</subfield>
    <subfield code="4">0</subfield>
    <subfield code="7">0</subfield>
    <subfield code="a">20</subfield>
    <subfield code="b">20</subfield>
    <subfield code="d">2018-08-07</subfield>
    <subfield code="l">1</subfield>
    <subfield code="o">QA276 G65</subfield>
    <subfield code="p">20 000835</subfield>
    <subfield code="r">2019-11-30</subfield>
    <subfield code="s">2019-11-30</subfield>
    <subfield code="t">3</subfield>
    <subfield code="w">2018-08-07</subfield>
    <subfield code="y">LB</subfield>
  </datafield>
  <datafield tag="999" ind1=" " ind2=" ">
    <subfield code="c">66873</subfield>
    <subfield code="d">66873</subfield>
  </datafield>
  <controlfield tag="008">120626t1999    mx a   f      000 0 spa d</controlfield>
  <datafield tag="020" ind1=" " ind2=" ">
    <subfield code="a">9682459699</subfield>
  </datafield>
  <datafield tag="050" ind1=" " ind2="4">
    <subfield code="a">QA276</subfield>
    <subfield code="b">G65</subfield>
  </datafield>
  <datafield tag="100" ind1="1" ind2=" ">
    <subfield code="a">Gongora Cort&#xE9;s, Jos&#xE9; Juan</subfield>
    <subfield code="e">, autor</subfield>
  </datafield>
  <datafield tag="245" ind1="1" ind2="0">
    <subfield code="a">Estad&#xED;stica descriptiva</subfield>
    <subfield code="c"> / Jos&#xE9; Juan Gongora Cort&#xE9;s, Roberto Hern&#xE1;ndez Ram&#xED;rez</subfield>
  </datafield>
  <datafield tag="260" ind1=" " ind2=" ">
    <subfield code="a">M&#xE9;xico</subfield>
    <subfield code="b"> : Trillas</subfield>
    <subfield code="c"> , 2009</subfield>
  </datafield>
  <datafield tag="300" ind1=" " ind2=" ">
    <subfield code="a">365 p&#xE1;ginas</subfield>
  </datafield>
  <datafield tag="500" ind1=" " ind2=" ">
    <subfield code="a">Reimpresi&#xF3;n 2013</subfield>
  </datafield>
  <datafield tag="500" ind1=" " ind2=" ">
    <subfield code="a">Contiene: 
Pr&#xF3;logo 
&#xCD;ndice de contenido
Ejercicios
Ap&#xE9;ndices
Bibliograf&#xED;a</subfield>
  </datafield>
  <datafield tag="505" ind1="0" ind2=" ">
    <subfield code="a">La estad&#xED;stica
Conceptos b&#xE1;sicos de la estad&#xED;stica
Etapas de una investigaci&#xF3;n estad&#xED;stica
Agrupaci&#xF3;n de datos y su representaci&#xF3;n gr&#xE1;fica
Medidas descriptivas
Correlaci&#xF3;n y an&#xE1;lisis de regresi&#xF3;n </subfield>
  </datafield>
  <datafield tag="519" ind1=" " ind2=" ">
    <subfield code="a">Plan Flexible / </subfield>
    <subfield code="b">Mercadotecnia Digital / </subfield>
    <subfield code="c">Estad&#xED;stica Descriptiva (M05-1) / </subfield>
    <subfield code="d">(04 006471)</subfield>
  </datafield>
  <datafield tag="519" ind1=" " ind2=" ">
    <subfield code="a">Plan Flexible / </subfield>
    <subfield code="b">Mercadotecnia Digital / </subfield>
    <subfield code="c">Estad&#xED;stica Descriptiva (M05-1) / </subfield>
    <subfield code="d">(02 005630)</subfield>
  </datafield>
  <datafield tag="519" ind1=" " ind2=" ">
    <subfield code="a">Material complementario</subfield>
    <subfield code="d">14 006499</subfield>
  </datafield>
  <datafield tag="519" ind1=" " ind2=" ">
    <subfield code="a">Educaci&#xF3;n Mixta / </subfield>
    <subfield code="b">Psicolog&#xED;a / </subfield>
    <subfield code="c">Estad&#xED;stica I (M02) / </subfield>
    <subfield code="d">(09 004655)</subfield>
  </datafield>
  <datafield tag="519" ind1=" " ind2=" ">
    <subfield code="a">Educaci&#xF3;n Mixta / </subfield>
    <subfield code="b">Psicolog&#xED;a / </subfield>
    <subfield code="c">Estad&#xED;stica II (M03) / </subfield>
    <subfield code="d">(09 004656)</subfield>
  </datafield>
  <datafield tag="519" ind1=" " ind2=" ">
    <subfield code="a">Material Complementario / </subfield>
    <subfield code="d">(20 000833, 20 000834, 20 000835)</subfield>
  </datafield>
  <datafield tag="650" ind1=" " ind2="4">
    <subfield code="a">ESTAD&#xCD;STICA</subfield>
    <subfield code="x">TEOR&#xCD;A - ENSE&#xD1;ANZA</subfield>
  </datafield>
  <datafield tag="650" ind1=" " ind2="0">
    <subfield code="a">AN&#xC1;LISIS DE DATOS</subfield>
  </datafield>
  <datafield tag="650" ind1=" " ind2="0">
    <subfield code="a">INVESTIGACI&#xD3;N ESTAD&#xCD;STICA</subfield>
  </datafield>
  <datafield tag="700" ind1="1" ind2=" ">
    <subfield code="a">Hern&#xE1;ndez Ram&#xED;rez, Roberto</subfield>
    <subfield code="e">, autor </subfield>
  </datafield>
  <datafield tag="942" ind1=" " ind2=" ">
    <subfield code="c">LB</subfield>
    <subfield code="2">lcc</subfield>
  </datafield>
</record>
